000 00459 a2200157 4500
999 _c642
_d642
020 _a9780431117218
050 _aDA 571 TOW 2002
100 _aTownsend, Sue
_eauthor
245 _aThailand:
_ba world of recipes/
_cSue Townsend
264 _aOxford:
_bReed Educational and Professional Publishing Ltd;
_c2002.
300 _a48p.
_bill. (col.)
500 _aIncludes index and glossary
650 _aCookery
651 _aThailand
942 _2lcc
_cBK
_h571
_iTOW
_kDS